Josef Albers: To open eyes. The Bauhaus, Black Mountain College, and Yale
Saved in:
| Main Authors: | , |
|---|---|
| Format: | Bog |
| Sprog: | engelsk |
| Udgivet: |
Londres
Phaidon Press Limited
2006
|
| Udgivelse: | 1a. ed |
| Fag: | |
| Tags: |
Tilføj Tag
Ingen Tags, Vær først til at tagge denne postø!
|
MARC
| LEADER | 00000nam a2200000 a 4500 | ||
|---|---|---|---|
| 001 | UCH8774 | ||
| 003 | CL-VaPUC | ||
| 008 | 091211e20060000UK |||||||||||||||||eng|d | ||
| 020 | |a 9780714845999 | ||
| 082 | 0 | 4 | |a 709.2 |b HOR |2 21 |
| 100 | 0 | |a Horowitz, Frederick A |e author |9 545402 | |
| 700 | 0 | |a Danilowitz, Brenda |e author |9 545403 | |
| 245 | 1 | 0 | |a Josef Albers: To open eyes. The Bauhaus, Black Mountain College, and Yale |
| 250 | |a 1a. ed | ||
| 300 | |a 288 p | ||
| 942 | |c BK | ||
| 945 | |d 20091211 00:00:00 |a dcastane | ||
| 260 | |a Londres |b Phaidon Press Limited |c 2006 | ||
| 650 | 0 | |a Arte contemporáneo |9 338008 | |
| 650 | 0 | |a Artistas |y Siglo 20 |9 266651 | |
| 650 | 0 | |a Pintura |9 265046 | |
| 650 | 0 | |a Teoría del color |9 545404 | |
| 583 | |a last modification |c 20091211 00:00:00 |k Rodrigo Vera | ||
| 999 | |c 338882 |d 338880 | ||
| 952 | |0 0 |1 0 |4 0 |6 709_200000000000000_HOR_2006 |7 0 |8 R |9 432154 |a BIBART |b BIBART |d 2019-11-22 |i 4624793 |o 709.2 HOR 2006 |p 4624793 |r 2025-03-13 |w 2019-11-22 |y BK_R |k ART | ||